000 00569nam a2200169 a 4500
008 120416s1983 ||||||||||||||||| || u
050 _aHD 596 Cad
100 _aCadman, David
245 1 0 _aProperty development
250 _a2nd ed.
260 _aLondon
_bE and F. N. Spon
_c1983
300 _axiv, 268p. : ill.
350 _a0.00
650 _aREAL ESTATE INVESTMENT--GREAT BRITAIN
650 0 _aECONOMICS
995 _D0.00
_FCBU-MAIN LIBRARY (Kitwe)
_H1
_I0.00
_M1
_UAVAILABLE
_ZMain Library Open Access Collection
999 _c55108
_d55108